On A Map: Canadian Provinces Quiz Stats

 Plays Quiz not verified by Sporcle

Also try: Canadian Provinces
Challenge
Share
Tweet
Score 0/13 Timer 10:00
0 Plays Today
% Correct
Ontario
94.9%
Quebec
94.5%
British Columbia
94.1%
Alberta
92.4%
Yukon
91.8%
Northwest Territories
90.1%
Prince Edward Island
89.7%
Nova Scotia
89.1%
Saskatchewan
87.7%
Manitoba
86.3%
Nunavut
85.5%
New Brunswick
82.9%
Newfoundland and Labrador
82.3%

You're not logged in!

Compare scores with friends on all Sporcle quizzes.
Join for Free
OR
Log In

You Might Also Like...

Show Comments

Extras

Top Quizzes Today


Score Distribution

Your Account Isn't Verified!

In order to create a playlist on Sporcle, you need to verify the email address you used during registration. Go to your Sporcle Settings to finish the process.

Report this User

Report this user for behavior that violates our Community Guidelines.

Details: